00746nam a2200229Ia 4500001000500000005001700005007000300022008004100025020000700066040002500073041000800098082002100106100001800127245008700145250001300232260005600245300002900301653002800330942001200358952013100370999001500501980320240113234230.0ta050728s1965 a g b000 u eng u cHB aCotton College,Assam aeng a891.109bJ 559 C aJha, Bechan . 0aConcepts of Poetic Blemishes in Sanskrit Poetics /cBechan Jha.hTextual Documents a1st ed / aVaranasi :bThe Chowkhamba Sanskrit Office ,c1965. a296p. :bill. ;c22cm. . aSanskrit-Poem-Criticism 2ddccBK 001040708Circulation (MS)aSKBLbSKBLd2012-02-01f00000l0o891.109 J 559 Cp54466r2024-01-13 00:00:00t1w2012-02-01yBK c9790d9790